000 00912nam a2200217 i 4500
001 156645
003 ES-MaACL
005 20230906210450.0
008 040803s1869 fr af |||| | fre d
040 _aCAM
_bspa
_cCAM
100 1 _aKock, Paul de (
_d1793-1871)
_9152765
245 1 0 _aMadame Pantalon /
_cCh. Paul de Kock ; [avec une gravure par Delannoy d'après Bertall].
260 _aParis :
_bFerd. Sartorius, éditeur,
_c1869 (
_fImp. Simon Raçon et Comp.)
300 _a278, [2] p., [1] h. lám. ;
_c18 cm.
490 1 _aCollection illustrée
598 _aDato de serie y de lám. consta en la cub.
599 _aLa h. de lám.: "F. Delannoy sc., Dupain imp., Royer Collard"
830 0 _aCollection illustrée
_9221701
852 _aES-MaACL
_jD-431
_z-- Enc. hol., conservando la cub. original
_z-- An. ms.: "Aches? à Paris le 20 juin 1872, Galerie de Palais Royal"
999 _c156645
_d156645